| 000 -LEADER |
| fixed length control field |
00791nam a2200217Ia 4500 |
| 001 - CONTROL NUMBER |
| control field |
9136 |
| 003 - CONTROL NUMBER IDENTIFIER |
| control field |
GE_BSU |
| 008 - FIXED-LENGTH DATA ELEMENTS--GENERAL INFORMATION |
| fixed length control field |
181216s||||||||xx |||||||||||||| ||und|| |
| 040 ## - CATALOGING SOURCE |
| Transcribing agency |
GE_BSU |
| 080 ## - UNIVERSAL DECIMAL CLASSIFICATION NUMBER |
| Universal Decimal Classification number |
821.353.1-32 |
| 100 ## - MAIN ENTRY--PERSONAL NAME |
| Personal name |
ლომოური,ნიკო |
| 245 ## - TITLE STATEMENT |
| Title |
თხზულებანი:2ტომად ტ.1 |
| 245 ## - TITLE STATEMENT |
| Remainder of title |
ტ.1:მოთხრობები |
| 245 ## - TITLE STATEMENT |
| Statement of responsibility, etc. |
წინასიტყვ:ავტ;სოლომონ ხუციშვილი;რედ:თ.სამუკაშვილი;მხატვ:ვ.მდინარაძე |
| 260 ## - PUBLICATION, DISTRIBUTION, ETC. |
| Place of publication, distribution, etc. |
თბილისი. |
| 260 ## - PUBLICATION, DISTRIBUTION, ETC. |
| Name of publisher, distributor, etc. |
საბჭ.საქართველო |
| 260 ## - PUBLICATION, DISTRIBUTION, ETC. |
| Date of publication, distribution, etc. |
1963 |
| 300 ## - PHYSICAL DESCRIPTION |
| Extent |
508გვ;20სმ |
| 653 ## - INDEX TERM--UNCONTROLLED |
| Uncontrolled term |
მოთხრობები |
| 942 ## - ADDED ENTRY ELEMENTS (KOHA) |
| Koha item type |
წიგნი |